000 00800nam a2200217 i 4500
001 141928
003 ES-MaACL
005 20231227182016.0
007 t|
008 071001s1956 sp |||| | spa d
080 _a791.43(460)"19"
100 1 _aViola, Fernando.
_9115407
245 1 0 _aImplantación del cine sonoro y hablado en España /
_cFernando Viola ; prólogo Carlos Fernández Cuenca ; epílogo, Marqués de Guad-El-Jelú.
260 _aMadrid :
_bInstituto Cinematográfico Ibero-Americano,
_c1956.
300 _a92 p. ;
_c18 cm.
650 _aCine-
_zEspaña.
_911025
700 1 _aFernández Cuenca, Carlos,
_d1904-1977
_949611
700 1 _aSangro y Ros de Olano, Pedro,
_cMarqués de Guad-el-Jelú.
_9103144
852 _aES-MaACL
_j1979-F-17
999 _c141928
_d141928